Statistics for Eurovision Song Contest 2017

Click here to take the quiz!

General Stats

  • This quiz has been taken 62 times
  • The average score is 58 of 84

Answer Stats

CountryAct or Song% Correct
Belgian ActBlanche
88%
Swedish SongI Can't Go On
86%
Romanian SongYodel It!
86%
French ActAlma
84%
Belgian SongCity Lights
84%
Moldovan SongHey Mamma
84%
Australian ActIsaiah
84%
Ukrainian SongTime
84%
Portuguese SongAmar Pelos Dois
82%
Finnish SongBlackbird
82%
Italian SongOccidentali's Karma
82%
Icelandic SongPaper
82%
Portuguese ActSalvador Sobral
82%
Azerbaijani SongSkeletons
80%
Moldovan ActSunstroke Project
80%
Bulgarian SongBeautiful Mess
78%
Cypriotic SongGravity
78%
Austrian SongRunning on Air
78%
Greek SongThis Is Love
78%
Latvian SongLine
76%
Austrian ActNathan Trent
76%
French SongRequiem
76%
Sammarinese SongSpirit of the Night
76%
Albanian SongWorld
76%
Azerbaijani ActDihaj
73%
Spanish SongDo It for Your Lover
73%
Australian SongDon't Come Easy
73%
Georgian SongKeep the Faith
73%
Croatian SongMy Friend
73%
Finnish ActNorma John
73%
Icelandic ActSvala
73%
Song of F.Y.R. MacedoniaDance Alone
71%
Greek ActDemy
71%
Armenian SongFly with Me
71%
Italian ActFrancesco Gabbani
71%
Norwegian SongGrab the Moment
71%
Cypriotic ActHovig
71%
Bulgarian ActKristian Kostov
71%
British ActLucie Jones
71%
Spanish ActManel Navarro
71%
Estonian SongVerona
71%
Swiss SongApollo
69%
Irish SongDying to Try
69%
Israeli SongI Feel Alive
69%
Albanian ActLindita
69%
British SongNever Give Up On You
69%
Dutch ActO'G3NE
69%
Slovenian SongOn My Way
69%
Danish ActAnja
67%
Israeli ActIMRI
67%
Serbian SongIn Too Deep
67%
Belarusian ActNaviband
67%
Hungarian SongOrigo
67%
Hungarian ActJoci Pápai
65%
German SongPerfect Life
65%
Swedish ActRobin Bengtsson
65%
Montenegrine SongSpace
65%
Danish SongWhere I Am
65%
Armenian ActArtsvik
63%
Maltese SongBreathlessly
63%
German ActLevina
63%
Slovenian ActOmar Naber
63%
Swiss ActTimebelle
63%
Latvian ActTriana Park
63%
Polish ActKasia Moś
61%
Czech SongMy Turn
61%
Polish SongFlashlight
59%
Act of F.Y.R. MacedoniaJana Burčeska
59%
Dutch SongLights and Shadows
59%
Ukrainian ActO.Torvald
59%
Montenegrine ActSlavko Kalezić
59%
Belarusian SongStory of My Life
59%
Norwegian ActJOWST
57%
Lithuanian SongRain of Revolution
57%
Estonian ActKoit Toome & Laura
55%
Sammarinese ActValentina Monetta and Jimmie Wilson
55%
Lithuanian ActFusedmarc
53%
Irish ActBrendan Murray
51%
Croatian ActJacques Houdek
51%
Czech ActMartina Bárta
51%
Maltese ActClaudia Faniello
45%
Serbian ActTijana Bogićević
39%
Romanian ActIlinca ft. Alex Florea
37%
Georgian ActTamara Gachechiladze
35%

Score Distribution

Percentile by Number Answered

Percent of People with Each Score

Your Score History

You have not taken this quiz